טוען...

രൂപാന്തരം

מידע ביבליוגרפי
Main Authors: എം കെ ജെയിംസ്, M K James
פורמט: Printed Book
יצא לאור: Kottayam; National Book Stall; 1980
מהדורה:1st
נושאים:
LEADER 00873nam a22001937a 4500
082 |a 894.M3  |b JAM4/R M0 
100 |a എം കെ ജെയിംസ്;  |9 9469 
100 |a M K James  |9 7665 
240 |a Roopantharam 
245 |a രൂപാന്തരം 
250 |a 1st 
260 |a Kottayam;   |b National Book Stall;  |c 1980 
300 |a 254p. 
650 |a മലയാളം; മലയാളം നോവല്‍  |9 3 
650 |a Malayalam; Malayalam Novel; Literature; Malayalam Fiction  |9 9470 
942 |c BK 
999 |c 32377  |d 32377 
952 |0 0  |1 0  |4 0  |6 894_000000000000000_M3_JAM4_R_M01  |7 0  |8 FIC  |9 35750  |a MAL  |b MAL  |d 2015-05-09  |e 29602  |g 13.00  |l 0  |o 894.M3 JAM4/R M0;1  |p MAL029602  |r 2015-05-09  |t 2  |w 2015-05-09  |y BK 
952 |0 0  |1 0  |4 0  |6 894_000000000000000_M3_JAM4_R_M0  |7 0  |8 FIC  |9 35751  |a MAL  |b MAL  |d 2015-05-09  |e 29065  |g 13.00  |l 0  |o 894.M3 JAM4/R M0  |p MAL029065  |r 2015-05-09  |t 1  |w 2015-05-09  |y BK